Normal view
MARC view
- Sharma,N.
Entry Personal Name
001 - CONTROL NUMBER
- control field: 6703
003 - CONTROL NUMBER IDENTIFIER
- control field: OSt
005 - DATE AND TIME OF LATEST TRANSACTION
- control field: 20180308121015.0
008 - FIXED-LENGTH DATA ELEMENTS
- fixed length control field: 180308|| aca||aabn | a|a d
040 ## - CATALOGING SOURCE
- Original cataloging agency: OSt
- Transcribing agency: OSt
100 ## - HEADING--PERSONAL NAME
- Personal name: Sharma,N.
670 ## - SOURCE DATA FOUND
- Source citation: Work cat.: (OSt): Sharma,N., Lab Science-IX, 2013